The Author's Life Quiz Stats

 Plays Quiz not verified by Sporcle

Score 0/20 Timer 05:00
0 Plays Today
% Correct
Emily Brontë
84.5%
Giacomo Casanova
82.3%
Maya Angelou
76.3%
Sappho
74.3%
Christopher Marlowe
72.3%
Harriet Beecher Stowe
71.5%
George Eliot
69.8%
J.R.R. Tolkien
69.3%
Ernest Hemingway
68.8%
Emily Dickinson
68.3%
% Correct
Mark Twain
64.3%
Charles Dickens
63.3%
Virgina Woolf
61.5%
Arthur Conan Doyle
59.8%
Washington Irving
56.3%
Joseph Conrad
54.5%
Jean-Paul Sartre
50%
Rudyard Kipling
45.3%
Miguel de Cervantes
43.5%
Leo Tolstoy
38.8%

You're not logged in!

Compare scores with friends on all Sporcle quizzes.
OR
Log In

Show Comments

Extras

Top Quizzes Today


Score Distribution

Your Account Isn't Verified!

In order to create a playlist on Sporcle, you need to verify the email address you used during registration. Go to your Sporcle Settings to finish the process.

Report this User

Report this user for behavior that violates our Community Guidelines.

Details: